[Event "Est ch 2020 G18"]
[Site "Tallinn"]
[Date "2020.01.25"]
[Round "3.2"]
[White "Jõerand, Jenna"]
[Black "Levchenko, Marina"]
[Result "1/2-1/2"]
[WhiteElo "1545"]
[BlackElo "1635"]
[PlyCount "107"]
[EventDate "2020.01.23"]
[EventType "tourn"]
[EventRounds "7"]
[EventCountry "EST"]

1. e4 c5 2. Nf3 d6 3. g3 Nf6 4. Nc3 Nc6 5. Bg2 e6 6. O-O Be7 7. d4 cxd4 8. Nxd4
O-O 9. Be3 a6 10. f4 Qc7 11. f5 e5 12. Nxc6 bxc6 13. Rf2 Bb7 14. h3 Rfd8 15.
Bg5 Rd7 16. Bxf6 Bxf6 17. Rd2 Rad8 18. Qf3 d5 19. Rad1 d4 20. Ne2 a5 21. b3 Ba6
22. h4 Be7 23. c4 dxc3 24. Rxd7 Rxd7 25. Rxd7 Qxd7 26. Nxc3 Bb4 27. Qd1 Qxd1+
28. Nxd1 Bc5+ 29. Kh2 Bd4 30. Bf3 Bd3 31. a3 c5 32. Kg2 Bc2 33. Nf2 Bxf2 34.
Kxf2 Bxb3 35. Ke3 Kf8 36. Kd3 f6 37. Kc3 a4 38. Be2 Ke7 39. Bc4 Bd1 40. Bb5 Kd6
41. Ba6 Kc6 42. Bc8 Bb3 43. Ba6 Bd1 44. Kd2 Bb3 45. g4 h6 46. Be2 c4 47. Kc3
Kc5 48. h5 Ba2 49. Bd1 Bb3 50. Be2 Ba2 51. Bd1 Bb3 52. Be2 Ba2 53. Bd1 Bb3 54.
Be2 1/2-1/2

[Event "Est ch 2020 G18"]
[Site "Tallinn"]
[Date "2020.01.25"]
[Round "3.3"]
[White "Bitkova, Jelizaveta"]
[Black "Rudnik, Viktoria"]
[Result "1/2-1/2"]
[WhiteElo "1606"]
[BlackElo "1657"]
[PlyCount "56"]
[EventDate "2020.01.23"]
[EventType "tourn"]
[EventRounds "7"]
[EventCountry "EST"]

1. d4 Nf6 2. c4 g6 3. Nc3 Bg7 4. Nf3 d6 5. g3 b6 6. Bg2 Bb7 7. O-O O-O 8. Re1
Nbd7 9. e4 e5 10. d5 a5 11. Be3 Ng4 12. a3 Nxe3 13. Rxe3 Ba6 14. b3 f5 15. h4
f4 16. Re1 fxg3 17. fxg3 h6 18. Bh3 Kh8 19. Nh2 Qe7 20. Qg4 Nc5 21. Qxg6 Rf6
22. Qh5 Nxb3 23. Rad1 Nd4 24. Kh1 Nc2 25. Re2 Nd4 26. Ree1 Nc2 27. Re2 Nd4 28.
Ree1 Nc2 1/2-1/2

[Event "Est ch 2020 G18"]
[Site "Tallinn"]
[Date "2020.01.25"]
[Round "3.4"]
[White "Blohhin, Sofia"]
[Black "Olde, Grete"]
[Result "0-1"]
[WhiteElo "1951"]
[BlackElo "1970"]
[PlyCount "74"]
[EventDate "2020.01.23"]
[EventType "tourn"]
[EventRounds "7"]
[EventCountry "EST"]

1. e4 e5 2. Bc4 Nf6 3. d3 Bc5 4. Nf3 d6 5. O-O O-O 6. Bg5 Nbd7 7. c3 Bb6 8.
Nbd2 Re8 9. Qb3 Qe7 10. a4 c6 11. Nh4 Nf8 12. a5 Bc7 13. f4 d5 14. exd5 cxd5
15. Bb5 Bd7 16. Bxd7 N8xd7 17. fxe5 Bxe5 18. Ndf3 h6 19. Bd2 Bc7 20. Nf5 Qc5+
21. Be3 d4 22. N3xd4 Rxe3 23. Nxe3 Qe5 24. Rf3 Qxh2+ 25. Kf2 Ne5 26. Nf1 Neg4+
27. Ke1 Qxg2 28. Qc2 Re8+ 29. Kd1 Qg1 30. Kd2 Nh2 31. Rf5 Qg2+ 32. Kd1 Qg4+ 33.
Kc1 Re1+ 34. Kd2 Rxa1 35. Ne3 Bf4 36. Rc5 Qg2+ 37. Ne2 Nf3# 0-1

[Event "Est ch 2020 G18"]
[Site "Tallinn"]
[Date "2020.01.26"]
[Round "4.1"]
[White "Sild, Marta Pauliine"]
[Black "Olde, Grete"]
[Result "0-1"]
[WhiteElo "1661"]
[BlackElo "1970"]
[PlyCount "96"]
[EventDate "2020.01.23"]
[EventType "tourn"]
[EventRounds "7"]
[EventCountry "EST"]

1. e4 e5 2. Bc4 Nf6 3. d3 Nc6 4. Nc3 Na5 5. Nf3 Nxc4 6. dxc4 Bb4 7. Qd3 d6 8.
O-O Bxc3 9. bxc3 h6 10. h3 O-O 11. Rd1 b6 12. Nh2 Bb7 13. f3 Qd7 14. Qe2 Qa4
15. Nf1 Ba6 16. Ne3 Nh5 17. Kh2 Qd7 18. Ng4 Qe6 19. Ne3 Rac8 20. a4 Qg6 21. Nf5
Qf6 22. a5 Ra8 23. Ra4 Qe6 24. Ne3 Qd7 25. Ra1 Qc6 26. Qf1 Nf4 27. g3 Ne6 28.
h4 Rfe8 29. Rd5 Nc5 30. Qh3 Re6 31. h5 Nd7 32. axb6 axb6 33. g4 Nc5 34. Qh4 Rf6
35. Nf5 Qd7 36. g5 hxg5 37. Bxg5 Rxf5 38. exf5 Qxf5 39. h6 Bb7 40. Rxa8+ Bxa8
41. Rd2 Qxf3 42. Qe1 Ne4 43. Rg2 Nf6 44. Qe2 Qxg2+ 45. Qxg2 Bxg2 46. Kxg2 Ne8
47. hxg7 Kxg7 48. Kf3 f5 0-1

[Event "Est ch 2020 G18"]
[Site "Tallinn"]
[Date "2020.01.24"]
[Round "4.2"]
[White "Rudnik, Viktoria"]
[Black "Blohhin, Sofia"]
[Result "0-1"]
[WhiteElo "1657"]
[BlackElo "1951"]
[PlyCount "84"]
[EventDate "2020.01.23"]
[EventType "tourn"]
[EventRounds "7"]
[EventCountry "EST"]

1. d4 d5 2. Bf4 Nf6 3. e3 e6 4. c3 c5 5. Bd3 Nc6 6. Nd2 Be7 7. h3 c4 8. Bc2 b5
9. Ngf3 Bb7 10. Ne5 O-O 11. Ndf3 b4 12. Nxc6 Bxc6 13. Ne5 Bb7 14. g4 Nd7 15.
Nf3 Qa5 16. Kd2 Nf6 17. Ne5 Rac8 18. f3 Qd8 19. Ba4 Bd6 20. h4 Bxe5 21. Bxe5 a5
22. h5 h6 23. Qg1 Nh7 24. Bc2 Ng5 25. Qg2 f6 26. Bh2 e5 27. f4 exf4 28. exf4
Ne4+ 29. Bxe4 dxe4 30. Ke3 Qe7 31. Rab1 Bd5 32. f5 Ra8 33. Bg3 Qd7 34. Qc2 Qb5
35. Be1 b3 36. axb3 cxb3 37. Qd2 Rfe8 38. Rg1 Qd3+ 39. Qxd3 exd3+ 40. Kd2 Rac8
41. Ra1 Re2+ 42. Kxd3 Bc4# 0-1

[Event "Est ch 2020 G18"]
[Site "Tallinn"]
[Date "2020.01.26"]
[Round "4.3"]
[White "Levchenko, Marina"]
[Black "Bitkova, Jelizaveta"]
[Result "0-1"]
[WhiteElo "1635"]
[BlackElo "1606"]
[PlyCount "72"]
[EventDate "2020.01.23"]
[EventType "tourn"]
[EventRounds "7"]
[EventCountry "EST"]

1. c4 c5 2. Nf3 Nf6 3. Nc3 e6 4. e3 Nc6 5. d4 d5 6. b3 cxd4 7. exd4 Bb4 8. Bb2
Qa5 9. Qc2 Ne4 10. Rc1 Qxa2 11. Be2 Bxc3+ 12. Bxc3 Qxc2 13. Rxc2 Nxc3 14. Rxc3
O-O 15. O-O dxc4 16. Bxc4 Rd8 17. Rd3 a6 18. Rd2 b5 19. Be2 Bb7 20. Rfd1 Nb4
21. Ne5 f6 22. Bf3 Bxf3 23. Nxf3 Rac8 24. h3 Rc3 25. Rb1 Rdc8 26. Rbb2 Rc1+ 27.
Kh2 R8c2 28. Rbxc2 Rxc2 29. Rxc2 Nxc2 30. Kg1 a5 31. Kf1 a4 32. bxa4 bxa4 33.
Nd2 a3 34. Nb3 a2 35. Ke2 Nxd4+ 36. Nxd4 a1=Q 0-1

[Event "Est ch 2020 G18"]
[Site "Tallinn"]
[Date "2020.01.26"]
[Round "4.4"]
[White "Smirnova, Jekaterina"]
[Black "Jõerand, Jenna"]
[Result "1-0"]
[WhiteElo "1571"]
[BlackElo "1545"]
[PlyCount "117"]
[EventDate "2020.01.23"]
[EventType "tourn"]
[EventRounds "7"]
[EventCountry "EST"]

1. d4 d5 2. c4 Nf6 3. Nc3 e6 4. Bg5 Be7 5. Nf3 Nbd7 6. e3 b6 7. Bd3 Bb7 8. cxd5
Nxd5 9. Bxe7 Qxe7 10. Rc1 O-O 11. O-O Rfd8 12. Nxd5 Bxd5 13. e4 Bb7 14. Rxc7
Rab8 15. e5 Rdc8 16. Rc3 f6 17. Qe2 fxe5 18. Nxe5 Nxe5 19. dxe5 Rxc3 20. bxc3
Qc5 21. c4 Rf8 22. Kh1 Qd4 23. f3 Rc8 24. Rd1 Qh4 25. Rc1 Ba6 26. g3 Qg5 27. f4
Qd8 28. Qe3 Qc7 29. Kg1 Qc5 30. Qxc5 Rxc5 31. Rc2 b5 32. cxb5 Rxc2 33. Bxc2
Bxb5 34. Bb3 Kf7 35. Kf2 g6 36. Ke3 Ke7 37. Kd4 Bc6 38. Kc5 Bb7 39. Bc4 Kd7 40.
Bb5+ Kc7 41. Bc4 Bc8 42. Bd3 Bb7 43. h4 Bd5 44. a3 Bc6 45. h5 Be8 46. hxg6 hxg6
47. Be4 a5 48. Bd3 Bc6 49. Bxg6 Bf3 50. Bd3 Bg4 51. Be4 Be2 52. a4 Kd7 53. Kb6
Ke7 54. Kxa5 Kd7 55. Kb6 Kc8 56. a5 Bc4 57. g4 Bd5 58. Bxd5 exd5 59. Kc5 1-0

[Event "Est ch 2020 G18"]
[Site "Tallinn"]
[Date "2020.01.25"]
[Round "5.2"]
[White "Bitkova, Jelizaveta"]
[Black "Smirnova, Jekaterina"]
[Result "1/2-1/2"]
[WhiteElo "1606"]
[BlackElo "1571"]
[PlyCount "95"]
[EventDate "2020.01.23"]
[EventType "tourn"]
[EventRounds "7"]
[EventCountry "EST"]

1. c4 c5 2. Nc3 Nc6 3. g3 Nf6 4. Bg2 d6 5. e4 e5 6. d3 g6 7. Bg5 Bg7 8. Nd5 Be6
9. Nxf6+ Bxf6 10. Bxf6 Qxf6 11. Ne2 Bg4 12. h3 Bf3 13. Bxf3 Qxf3 14. O-O Nb4
15. Nc1 Qxd1 16. Rxd1 Nc2 17. Rb1 a5 18. Ne2 Nd4 19. Nxd4 exd4 20. a3 a4 21. b4
b6 22. bxc5 bxc5 23. Rb6 Kd7 24. Rdb1 Rhc8 25. f4 Ra7 26. Kf2 f5 27. Rb7+ Rc7
28. Rxc7+ Kxc7 29. Rb5 Kc6 30. Kf3 fxe4+ 31. dxe4 Re7 32. Ra5 Kb6 33. Rxa4 d3
34. Ke3 d2 35. Kxd2 Rxe4 36. Kd3 Rd4+ 37. Kc3 Re4 38. Kd3 Re1 39. Ra8 Rg1 40.
g4 Rh1 41. Ke4 Rxh3 42. Rd8 Kc6 43. Rc8+ Kd7 44. Rh8 Ke6 45. Re8+ Kd7 46. Rh8
Ke6 47. Re8+ Kd7 48. Rh8 1/2-1/2

[Event "Est ch 2020 G18"]
[Site "Tallinn"]
[Date "2020.01.27"]
[Round "5.3"]
[White "Blohhin, Sofia"]
[Black "Levchenko, Marina"]
[Result "1-0"]
[WhiteElo "1951"]
[BlackElo "1635"]
[PlyCount "61"]
[EventDate "2020.01.23"]
[EventType "tourn"]
[EventRounds "7"]
[EventCountry "EST"]

1. e4 c5 2. Nf3 d6 3. d4 cxd4 4. Nxd4 Nf6 5. Nc3 a6 6. Be2 e6 7. O-O Qc7 8. Be3
Be7 9. f4 Nc6 10. a3 O-O 11. Nb3 b5 12. g4 Bb7 13. g5 Nd7 14. Bd3 Rac8 15. Rf3
g6 16. Rh3 f5 17. exf5 exf5 18. a4 Nb4 19. Be2 Nxc2 20. Qxc2 b4 21. Nd4 Bd5 22.
Nxd5 Qxc2 23. Nxe7+ Kf7 24. Rxh7+ Ke8 25. Nxc2 Rxc2 26. Bxa6 Nc5 27. Bxc5 dxc5
28. Nc6 Rf7 29. Rh8+ Rf8 30. Re1+ Kf7 31. Re7# 1-0

[Event "Est ch 2020 G18"]
[Site "Tallinn"]
[Date "2020.01.25"]
[Round "5.4"]
[White "Olde, Grete"]
[Black "Rudnik, Viktoria"]
[Result "1-0"]
[WhiteElo "1970"]
[BlackElo "1657"]
[PlyCount "83"]
[EventDate "2020.01.23"]
[EventType "tourn"]
[EventRounds "7"]
[EventCountry "EST"]

1. e4 d6 2. d4 Nf6 3. Nc3 e5 4. Nf3 Nbd7 5. Bc4 h6 6. O-O Be7 7. Re1 O-O 8. h3
b6 9. Ne2 Bb7 10. Ng3 Re8 11. d5 a6 12. c3 Bf8 13. Nh2 c6 14. Nf5 cxd5 15. Bxd5
Nxd5 16. exd5 b5 17. Ng4 Nf6 18. Nfe3 Bc8 19. Qf3 Nxg4 20. hxg4 Be7 21. c4 Bg5
22. Nf5 Bxf5 23. Qxf5 Bf6 24. cxb5 axb5 25. Be3 e4 26. Re2 Re5 27. Qf4 Bg5 28.
Qg3 Bh4 29. Qh2 Rxd5 30. a3 Re5 31. Rd1 Re6 32. Rd5 Qd7 33. Qxh4 Qc6 34. Red2
Rc8 35. Qg3 Rd8 36. Bf4 Rg6 37. Qc3 Qb6 38. Qd4 Qc6 39. Bxd6 Rxg4 40. Qc5 Qe8
41. Be7 Rxd5 42. Rxd5 1-0

[Event "Est ch 2020 G18"]
[Site "Tallinn"]
[Date "2020.01.25"]
[Round "6.1"]
[White "Sild, Marta Pauliine"]
[Black "Rudnik, Viktoria"]
[Result "1-0"]
[WhiteElo "1661"]
[BlackElo "1657"]
[PlyCount "93"]
[EventDate "2020.01.23"]
[EventType "tourn"]
[EventRounds "7"]
[EventCountry "EST"]

1. e4 c5 2. Nf3 e6 3. c3 d5 4. e5 Nc6 5. d4 cxd4 6. cxd4 Qb6 7. Nc3 Bb4 8. Be2
Nge7 9. O-O Nf5 10. Na4 Qd8 11. a3 Be7 12. b4 b6 13. Bb5 Bd7 14. Nc3 O-O 15.
Bb2 a6 16. Ba4 Na7 17. Bc2 Nh4 18. Nxh4 Bxh4 19. Qh5 g6 20. Qg4 h5 21. Qh3 Bg5
22. f4 Be7 23. f5 exf5 24. Nxd5 Be6 25. Nxe7+ Qxe7 26. Qf3 Rfd8 27. Rad1 Bd5
28. Qf4 Rac8 29. Bd3 b5 30. Rfe1 Rc6 31. Re3 Be6 32. Rg3 Kf8 33. Bc1 Rdc8 34.
Be2 Bd5 35. Bf3 Bxf3 36. Rxf3 Rc4 37. Qe3 Rc3 38. Qxc3 Rxc3 39. Rxc3 Qd7 40. d5
Nc8 41. Be3 Ne7 42. Bc5 g5 43. Bxe7+ Qxe7 44. d6 Qd8 45. d7 Qb6+ 46. Kf1 Ke7
47. d8=Q+ 1-0

[Event "Est ch 2020 G18"]
[Site "Tallinn"]
[Date "2020.01.25"]
[Round "6.2"]
[White "Levchenko, Marina"]
[Black "Olde, Grete"]
[Result "0-1"]
[WhiteElo "1635"]
[BlackElo "1970"]
[PlyCount "80"]
[EventDate "2020.01.23"]
[EventType "tourn"]
[EventRounds "7"]
[EventCountry "EST"]

1. c4 e5 2. Nc3 Nf6 3. Nf3 Nc6 4. g3 Bb4 5. Nd5 Bc5 6. Bg2 O-O 7. O-O d6 8.
Nxf6+ Qxf6 9. d3 Bg4 10. a3 a5 11. Rb1 Qf5 12. Bd2 a4 13. Bc1 Qh5 14. b3 f5 15.
h3 Bxh3 16. Bxh3 Qxh3 17. e3 axb3 18. Rxb3 Bb6 19. Ng5 Qh6 20. Nf3 Qg6 21. Kg2
e4 22. Nd2 exd3 23. Rxd3 f4 24. Nf3 fxg3 25. fxg3 Ne7 26. Rb3 Nf5 27. Qe1 Nh4+
28. Nxh4 Qc2+ 29. Qd2 Qxb3 30. Nf3 Qxc4 31. Bb2 Rae8 32. Bd4 Bxd4 33. Qxd4 Qxd4
34. exd4 Re2+ 35. Kg1 Re3 36. Kg2 Rxa3 37. Rf2 Raxf3 38. Rxf3 Rxf3 39. Kxf3 Kf7
40. Ke4 b5 0-1

[Event "Est ch 2020 G18"]
[Site "Tallinn"]
[Date "2020.01.25"]
[Round "6.3"]
[White "Smirnova, Jekaterina"]
[Black "Blohhin, Sofia"]
[Result "0-1"]
[WhiteElo "1571"]
[BlackElo "1951"]
[PlyCount "86"]
[EventDate "2020.01.23"]
[EventType "tourn"]
[EventRounds "7"]
[EventCountry "EST"]

1. d4 d5 2. c4 e6 3. Nc3 Nf6 4. cxd5 exd5 5. Bg5 Be7 6. Nf3 b6 7. e3 O-O 8. Bd3
h6 9. Bf4 Bb7 10. O-O a6 11. a3 c5 12. dxc5 bxc5 13. Be2 Nc6 14. Qb3 Na5 15.
Qd1 Nh5 16. Bg3 Nxg3 17. hxg3 Bf6 18. Na4 c4 19. Nd4 Bxd4 20. exd4 Nb3 21. Rb1
Qf6 22. Nc5 Nxc5 23. dxc5 Rac8 24. b4 Rfd8 25. Qc2 Bc6 26. Bg4 Rb8 27. Rfe1 Qg5
28. Bf3 Bb5 29. a4 Bd7 30. Rb2 Bf5 31. Qc3 Bd3 32. Re5 Qf6 33. Qd4 Kh7 34. Qf4
Qxf4 35. gxf4 c3 36. Rb3 d4 37. c6 Re8 38. Ra3 Rxe5 39. fxe5 c2 40. Ra1 Rxb4
41. Rc1 Rb1 42. c7 Rxc1+ 43. Kh2 Rh1+ 0-1

[Event "Est ch 2020 G18"]
[Site "Tallinn"]
[Date "2020.01.28"]
[Round "6.4"]
[White "Jõerand, Jenna"]
[Black "Bitkova, Jelizaveta"]
[Result "1/2-1/2"]
[WhiteElo "1545"]
[BlackElo "1606"]
[PlyCount "102"]
[EventDate "2020.01.23"]
[EventType "tourn"]
[EventRounds "7"]
[EventCountry "EST"]

1. e4 c5 2. Nf3 Nc6 3. Nc3 d6 4. Bb5 Bd7 5. d4 cxd4 6. Nxd4 a6 7. Nxc6 Bxc6 8.
Bxc6+ bxc6 9. Be3 Nf6 10. O-O g6 11. Bg5 Bg7 12. Qf3 Nd7 13. Rab1 Ne5 14. Qh3
h5 15. Bd2 Rb8 16. b3 O-O 17. f4 Ng4 18. Qg3 Qb6+ 19. Kh1 Bd4 20. Ne2 Nf2+ 21.
Rxf2 Bxf2 22. Qg5 Bd4 23. Nxd4 Qxd4 24. f5 Qf6 25. Qe3 gxf5 26. Rf1 e6 27. Bc3
Qg6 28. exf5 exf5 29. Qd4 Kh7 30. Rxf5 f6 31. Rf2 c5 32. Qxd6 Rbd8 33. Qe7+ Qg7
34. Qe2 Qg4 35. Rf3 Rfe8 36. Qf1 Qd7 37. Rd3 Qg4 38. h3 Qg6 39. Rf3 Qxc2 40.
Kh2 f5 41. Bf6 Rd2 42. Bg5 Rde2 43. Rxf5 Rxg2+ 44. Kh1 Re1 (44... Rh2+ 45. Kg1
Re1 46. Rf7+ Kg6 47. Rf6+ Kxg5 48. h4+ Rxh4) 45. Rf7+ Kg6 46. Rf6+ Kxg5 47. h4+
Kg4 48. Rf4+ Kh3 49. Rf3+ Kg4 50. Rf4+ Kh3 51. Rf3+ Kg4 1/2-1/2

[Event "Est ch 2020 G18"]
[Site "Tallinn"]
[Date "2020.01.29"]
[Round "7.1"]
[White "Bitkova, Jelizaveta"]
[Black "Sild, Marta Pauliine"]
[Result "0-1"]
[WhiteElo "1606"]
[BlackElo "1661"]
[PlyCount "66"]
[EventDate "2020.01.23"]
[EventType "tourn"]
[EventRounds "7"]
[EventCountry "EST"]

1. d4 c5 2. d5 d6 3. c4 Nf6 4. Nc3 g6 5. e4 Bg7 6. f4 O-O 7. Nf3 e6 8. Be2 exd5
9. cxd5 Re8 10. Nd2 a6 11. a4 Nbd7 12. O-O Rb8 13. Bd3 Nh5 14. Nf3 Qc7 15. g4
Nhf6 16. Nd2 Nb6 17. g5 Nfd7 18. a5 Na8 19. h4 h5 20. Be2 Nf8 21. f5 Bd4+ 22.
Kg2 Qe7 23. f6 Qd7 24. Rh1 Nc7 25. Na4 Na8 26. Qf1 b5 27. axb6 Nxb6 28. Nxb6
Rxb6 29. Nc4 Rb3 30. Bf3 Rxe4 31. Nd2 Rg4+ 32. Bxg4 Qxg4+ 33. Kh2 Qg3# 0-1

[Event "Est ch 2020 G18"]
[Site "Tallinn"]
[Date "2020.01.26"]
[Round "7.2"]
[White "Blohhin, Sofia"]
[Black "Jõerand, Jenna"]
[Result "1-0"]
[WhiteElo "1951"]
[BlackElo "1545"]
[PlyCount "53"]
[EventDate "2020.01.23"]
[EventType "tourn"]
[EventRounds "7"]
[EventCountry "EST"]

1. e4 e5 2. Nf3 Nc6 3. d4 exd4 4. Nxd4 Qf6 5. Be3 Bc5 6. c3 d6 7. f3 Bd7 8. Bc4
Nxd4 9. cxd4 Bb4+ 10. Nc3 Ne7 11. O-O Rd8 12. f4 O-O 13. f5 b6 14. a3 Bxc3 15.
bxc3 c5 16. g4 h6 17. g5 hxg5 18. Qd2 d5 19. Bxg5 Qc6 20. Bxe7 dxc4 21. d5 Qc7
22. Bxd8 Rxd8 23. d6 Qb7 24. Qg5 Re8 25. f6 g6 26. Qh6 Qxe4 27. Qg7# 1-0

[Event "Est ch 2020 G18"]
[Site "Tallinn"]
[Date "2020.01.26"]
[Round "7.4"]
[White "Rudnik, Viktoria"]
[Black "Levchenko, Marina"]
[Result "1/2-1/2"]
[WhiteElo "1657"]
[BlackElo "1635"]
[PlyCount "60"]
[EventDate "2020.01.23"]
[EventType "tourn"]
[EventRounds "7"]
[EventCountry "EST"]

1. d4 Nf6 2. Bf4 e6 3. e3 d5 4. c3 c5 5. Bd3 Nc6 6. Nd2 Be7 7. h3 cxd4 8. exd4
Bd6 9. Bxd6 Qxd6 10. Ngf3 O-O 11. O-O e5 12. dxe5 Nxe5 13. Nxe5 Qxe5 14. Re1
Qd6 15. Nf3 Be6 16. Nd4 a6 17. Qd2 Rad8 18. Re2 Rfe8 19. Rae1 Bc8 20. Bf5 Qc7
21. Rxe8+ Rxe8 22. Rxe8+ Nxe8 23. Bxc8 Qxc8 24. Nc2 Nf6 25. Qd4 h6 26. Ne3 Qe6
27. c4 dxc4 28. Qxc4 Qb6 29. b3 Qd8 30. Qb4 Qc7 1/2-1/2

[Event "Eesti U10"]
[Site "Narva"]
[Date "2019.05.31"]
[Round "1.1"]
[White "Gridin, Maksim"]
[Black "Dukov, Vladimir"]
[Result "0-1"]
[WhiteElo "1098"]
[BlackElo "1579"]
[PlyCount "40"]
[EventDate "2019.05.31"]
[EventRounds "7"]
[EventCountry "EST"]
[SourceVersionDate "2019.11.26"]

1. c4 e6 2. Nc3 Nf6 3. g3 d5 4. e3 Be7 5. b3 c5 6. Nge2 O-O 7. Bg2 Nc6 8. d4
cxd4 9. exd4 Bb4 10. Bd2 dxc4 11. Be3 Qa5 12. Bd2 e5 13. dxe5 Nxe5 14. bxc4
Nd3+ 15. Kf1 Ng4 16. Ne4 Bxd2 17. Qxd2 Qxd2 18. Nxd2 Ndxf2 19. Rg1 Nd3 20. Nf3
Ne3# 0-1

[Event "Eesti U10"]
[Site "Narva"]
[Date "2019.05.31"]
[Round "1.2"]
[White "Köösel, Hans-Georg"]
[Black "Petra, Vladimir"]
[Result "1-0"]
[WhiteElo "1528"]
[BlackElo "1096"]
[PlyCount "57"]
[EventDate "2019.05.31"]
[EventRounds "7"]
[EventCountry "EST"]
[SourceVersionDate "2019.11.26"]

1. e4 e5 2. Nf3 Nc6 3. d4 f6 4. Be2 d5 5. exd5 Qxd5 6. dxe5 Qxd1+ 7. Bxd1 fxe5
8. O-O Bg4 9. c3 O-O-O 10. h3 Bh5 11. Re1 Nf6 12. Be2 Bc5 13. Bb5 Rd6 14. Bxc6
Rxc6 15. Rxe5 Bxf3 16. gxf3 Nd7 17. Re1 Rg6+ 18. Kf1 b6 19. Be3 Bd6 20. Nd2 Re8
21. Ne4 Kb7 22. Nxd6+ Rxd6 23. Rad1 Rf6 24. Rxd7 Rxf3 25. Kg2 Kc6 26. Rxg7 Rf5
27. Rxh7 Rb5 28. Rb1 Rg8+ 29. Kh2 1-0

[Event "Eesti U10"]
[Site "Narva"]
[Date "2019.05.31"]
[Round "1.3"]
[White "Stepanov, Roman"]
[Black "Mertins, Ostap"]
[Result "0-1"]
[WhiteElo "1090"]
[BlackElo "1513"]
[PlyCount "120"]
[EventDate "2019.05.31"]
[EventRounds "7"]
[EventCountry "EST"]
[SourceVersionDate "2019.11.26"]

1. e4 c5 2. Nf3 d6 3. d4 cxd4 4. Nxd4 Nf6 5. Nc3 a6 6. Bd3 Nbd7 7. O-O e6 8.
Re1 Be7 9. Bg5 O-O 10. Bxf6 Nxf6 11. Qf3 Qc7 12. Qf4 e5 13. Qf3 exd4 14. Nd5
Nxd5 15. exd5 Bf6 16. Qh5 g6 17. Qf3 Bg7 18. Qg3 Bd7 19. Re7 Rae8 20. Rae1 Rxe7
21. Rxe7 Re8 22. Rxe8+ Bxe8 23. Qf3 Qe7 24. Qd1 Qe5 25. Bc4 b5 26. Bb3 Bd7 27.
c4 dxc3 28. bxc3 Qxc3 29. h3 Qa1 30. Qxa1 Bxa1 31. Kf1 Bf5 32. f3 a5 33. Ke2 a4
34. Bd1 Bb1 35. a3 Bb2 36. Kd2 Bxa3 37. Kc3 b4+ 38. Kd2 b3 39. Kc3 Bc2 40. Bxc2
bxc2 41. Kxc2 Bb4 42. Kb2 a3+ 43. Ka2 Kg7 44. g4 Kf6 45. f4 g5 46. fxg5+ Kxg5
47. Kb3 Kh4 48. Ka2 Kxh3 49. g5 Kg4 50. Kb3 Kxg5 51. Ka2 h5 52. Kb3 h4 53. Kxb4
a2 54. Kb5 a1=Q 55. Kc6 Qa6+ 56. Kd7 Kf6 57. Kc7 Ke7 58. Kb8 h3 59. Kc7 h2 60.
Kb8 h1=Q 0-1

[Event "Eesti U10"]
[Site "Narva"]
[Date "2019.05.31"]
[Round "1.5"]
[White "Silland, Aivar"]
[Black "Gasanbekov, Miroslav"]
[Result "1/2-1/2"]
[WhiteElo "1083"]
[BlackElo "1400"]
[PlyCount "90"]
[EventDate "2019.05.31"]
[EventRounds "7"]
[EventCountry "EST"]
[SourceVersionDate "2019.11.26"]

1. e4 c5 2. Nc3 Nc6 3. Nf3 e6 4. Bc4 Nge7 5. d3 d5 6. Bf4 d4 7. Ne2 Ng6 8. Ng3
Nxf4 9. O-O Bd6 10. Qd2 O-O 11. c3 e5 12. Rae1 Ng6 13. cxd4 exd4 14. a3 Re8 15.
Ng5 Be7 16. Nxf7 Qc7 17. Nd6+ Kh8 18. Nxe8 Qd7 19. Nxg7 Kxg7 20. Nh5+ Kh8 21.
Qh6 Bf8 22. Qg5 Qe7 23. Qg3 Qe5 24. Qf3 Bd6 25. Ng3 Nh4 26. Qf7 Bg4 27. Qxb7
Rf8 28. Qxc6 Bh3 29. gxh3 Nf3+ 30. Kg2 Nxe1+ 31. Rxe1 Qf6 32. Rf1 Qf3+ 33. Kg1
Bxg3 34. hxg3 Qh5 35. Kg2 Qf3+ 36. Kg1 Qh5 37. Kh2 Qe2 38. Kg1 Qh5 39. Qe6 Qf3
40. a4 a5 41. Bd5 Qh5 42. b3 Qg5 43. Kh2 Qh5 44. Kg1 Qg5 45. Kh2 Qh5 1/2-1/2

[Event "Eesti U10"]
[Site "Narva"]
[Date "2019.05.31"]
[Round "2.1"]
[White "Dukov, Vladimir"]
[Black "Shilkin, Maksim"]
[Result "0-1"]
[WhiteElo "1579"]
[BlackElo "1179"]
[PlyCount "48"]
[EventDate "2019.05.31"]
[EventRounds "7"]
[EventCountry "EST"]
[SourceVersionDate "2019.11.26"]

1. e4 e5 2. Nf3 Nc6 3. Bc4 Nf6 4. Ng5 Bc5 5. Nxf7 Bxf2+ 6. Kf1 Qe7 7. Nxh8 d5
8. exd5 Nd8 9. Qe2 Bb6 10. h3 Qf8 11. Qxe5+ Ne6 12. dxe6 Nd7+ 13. Nf7 Nxe5 14.
Bb3 Bxe6 15. Bxe6 Nxf7 16. Ke2 Qe7 17. Re1 Qxe6+ 18. Kf1 Ne5 19. c3 Qf5+ 20.
Ke2 O-O-O 21. Kd1 Nd3 22. b4 Nf2+ 23. Ke2 Re8+ 24. Kf1 Nxh3# 0-1

[Event "Eesti U10"]
[Site "Narva"]
[Date "2019.05.31"]
[Round "2.2"]
[White "Kossenko, Tihhon"]
[Black "Köösel, Hans-Georg"]
[Result "0-1"]
[WhiteElo "1204"]
[BlackElo "1528"]
[PlyCount "90"]
[EventDate "2019.05.31"]
[EventRounds "7"]
[EventCountry "EST"]
[SourceVersionDate "2019.11.26"]

1. e4 e5 2. Nf3 Nc6 3. Nc3 Nf6 4. Bb5 d6 5. O-O Be7 6. d3 Bg4 7. h3 Bh5 8. Bg5
O-O 9. Qe2 Nd4 10. Qe3 Nxf3+ 11. gxf3 Qc8 12. Kh2 c6 13. Bc4 Qd7 14. Rg1 Rae8
15. f4 exf4 16. Qxf4 Bg6 17. Qe3 d5 18. Bb3 d4 19. Qe1 dxc3 20. Qxc3 Nh5 21.
Qc4 Bxg5 22. Rxg5 Nf4 23. Rg3 a5 24. Rf3 Ne6 25. Rg3 b5 26. Qc3 a4 27. Bxe6
Rxe6 28. f4 f5 29. exf5 Re2+ 30. Kh1 Qxf5 31. Rag1 Qd5+ 32. R3g2 Rxg2 33. Rxg2
Re8 34. Kh2 Qd6 35. Qd2 Rf8 36. Rf2 Bf5 37. Qc3 Qh6 38. Rf3 Qh4 39. Qxc6 h6 40.
Qd5+ Kh8 41. Qd6 Re8 42. c4 Re2+ 43. Kg1 Qe1+ 44. Rf1 Qg3+ 45. Kh1 Qh2# 0-1

[Event "Eesti U10"]
[Site "Narva"]
[Date "2019.05.31"]
[Round "2.3"]
[White "Mertins, Ostap"]
[Black "Reinsalu, Timur"]
[Result "1-0"]
[WhiteElo "1513"]
[BlackElo "1155"]
[PlyCount "71"]
[EventDate "2019.05.31"]
[EventRounds "7"]
[EventCountry "EST"]
[SourceVersionDate "2019.11.26"]

1. e4 e5 2. Nf3 Nc6 3. d4 exd4 4. Nxd4 Qe7 5. Nc3 d5 6. Bb5 Bd7 7. O-O O-O-O 8.
exd5 Ne5 9. Bxd7+ Qxd7 10. Bf4 Qd6 11. Re1 Re8 12. Ndb5 Qf6 13. Bxe5 Rxe5 14.
Rxe5 Qxe5 15. Nxa7+ Kb8 16. Nab5 Nf6 17. Qe1 Qh5 18. h3 Bc5 19. Rd1 Qg5 20. Qd2
Qg6 21. Qf4 Bb6 22. Na4 Nh5 23. Qc4 Ba5 24. b4 Nf4 25. Qxf4 Qxc2 26. Nbc3 Bxb4
27. Qxb4 Re8 28. Qb3 Qf5 29. Nc5 b6 30. Qb5 Re7 31. Qa6 bxc5 32. Rb1+ Qxb1+ 33.
Nxb1 c6 34. dxc6 Kc7 35. Qb7+ Kd6 36. Qc8 1-0

[Event "Eesti U10"]
[Site "Narva"]
[Date "2019.05.31"]
[Round "2.4"]
[White "Balabonin, Matvei"]
[Black "Martirosjan, Tigran"]
[Result "0-1"]
[WhiteElo "1165"]
[BlackElo "1435"]
[PlyCount "114"]
[EventDate "2019.05.31"]
[EventRounds "7"]
[EventCountry "EST"]
[SourceVersionDate "2019.11.26"]

1. e4 e5 2. Nf3 Nc6 3. d4 exd4 4. Bc4 h6 5. Nxd4 Bc5 6. Nxc6 bxc6 7. Qf3 Nf6 8.
e5 Qe7 9. Qe2 Nh7 10. O-O O-O 11. Bd3 Qh4 12. Qe4 Qxe4 13. Bxe4 Re8 14. Bxh7+
Kxh7 15. Re1 d6 16. Bf4 Bd4 17. c3 Bxe5 18. Bxe5 Rxe5 19. Rxe5 dxe5 20. Nd2 f6
21. Re1 Bf5 22. f3 Rd8 23. g4 Rxd2 24. gxf5 Rxb2 25. Rd1 Rxa2 26. Rd7 Ra3 27.
c4 Rxf3 28. Rxc7 Rxf5 29. Rxa7 e4 30. Re7 Re5 31. Rxe5 fxe5 32. Kf2 Kg6 33. Ke3
Kf5 34. c5 g6 35. h3 g5 36. Kf2 Kf4 37. Ke2 h5 38. Kf2 h4 39. Ke2 Kg3 40. Ke3
Kxh3 41. Kxe4 g4 42. Kxe5 g3 43. Kd6 g2 44. Kxc6 g1=Q 45. Kd6 Qg6+ 46. Kd7 Kg2
47. c6 Qxc6+ 48. Kxc6 h3 49. Kd5 h2 50. Ke5 h1=Q 51. Kd5 Kf2+ 52. Kd4 Qf3 53.
Ke5 Qg4 54. Kd5 Qf4 55. Kc5 Qe4 56. Kd6 Qf5 57. Kc6 Qe5 0-1